Sustainable development and privatisation: challenges to the traditional role and future prospects for India post (Record no. 485649)

000 -LEADER
fixed length control field 00538cam a22001457a 4500
008 - FIXED-LENGTH DATA ELEMENTS--GENERAL INFORMATION
fixed length control field 180718b1998 xxu||||| |||| 00| 0 eng d
082 ## - DEWEY DECIMAL CLASSIFICATION NUMBER
Classification number APPPA 97-98 TRI/29
100 ## - MAIN ENTRY--PERSONAL NAME
Personal name Trivedi, Suneeta
245 ## - TITLE STATEMENT
Title Sustainable development and privatisation: challenges to the traditional role and future prospects for India post
Statement of responsibility, etc. by Suneeta Trivedi
260 ## - PUBLICATION, DISTRIBUTION, ETC.
Place of publication, distribution, etc. New Delhi
Name of publisher, distributor, etc. Indian Institute of Public Administration
Date of publication, distribution, etc. 1998
300 ## - PHYSICAL DESCRIPTION
Extent v.p.
500 ## - GENERAL NOTE
General note An APPPA M.Phil. dissertation, 1997-98
650 ## - SUBJECT ADDED ENTRY--TOPICAL TERM
Topical term or geographic name entry element APPPA
650 ## - SUBJECT ADDED ENTRY--TOPICAL TERM
Topical term or geographic name entry element Privatization - India
Holdings
Withdrawn status Lost status Damaged status Not for loan Permanent Location Current Location Date acquired Full call number Barcode Date last seen Price effective from Koha item type
        Indian Institute of Public Administration Indian Institute of Public Administration 2018-08-04 APPPA 97-98 TRI/29 GR14786 2018-08-04 2018-08-04 GR

Powered by Koha